000 00465nam a2200157 a 4500
001 000032399
005 20200930065624.0
008 110715s1940 dr 000 0 spa d
040 _aDO-SdBNP
_bspa
_cBNPHU
082 _axxx
_bM385p, 1940
100 1 _aMartínez Conde, José
_924081
245 1 0 _aPincel :
_bpoesía /
_cJosé Martínez Conde.
250 _a2a ed.
260 _a[Ciudad Trujillo, República Dominicana] :
_b[s.n.],
_c1940.
300 _a29 p. ;
_c21 cm.
999 _c31890
_d31890